[Event "ICS rated blitz match"]
[Site "204.178.125.65"]
[Date "1999.10.15"]
[Round "?"]
[White "Hossa"]
[Black "Kengtin"]
[Result "1-0"]
[WhiteElo "2386"]
[BlackElo "2090"]
[PlyCount "47"]
[EventDate "1999.??.??"]

1. e4 e5 2. Nf3 Nc6 3. Bb5 a6 4. Ba4 Nf6 5. O-O Be7 6. d3 b5 7. Bb3 d6 8. Nc3
O-O 9. Be3 Na5 10. d4 Nxb3 11. axb3 exd4 12. Qxd4 Be6 13. Rfd1 Qc8 14. Ra5 Bg4
15. Rda1 Bxf3 16. gxf3 Nh5 17. Qd5 Nf6 18. Qc6 Qh3 19. Rxa6 Rxa6 20. Rxa6 Nd7
21. Bf4 Ne5 22. Bxe5 dxe5 23. Qxc7 Qxf3 24. Qxe7 {Kengtin resigns} 1-0

[Event "ICS rated blitz match"]
[Site "204.178.125.65"]
[Date "1999.08.29"]
[Round "?"]
[White "Hossa"]
[Black "Kengtin"]
[Result "1-0"]
[WhiteElo "2471"]
[BlackElo "2162"]
[PlyCount "47"]
[EventDate "1999.??.??"]

1. d4 e6 2. e4 c5 3. Nf3 a6 4. Bg5 Qb6 5. b3 cxd4 6. Nxd4 Nc6 7. Nxc6 dxc6 8.
Be3 Qc7 9. Nd2 Nf6 10. Bd3 Bb4 11. O-O Bc3 12. Rc1 e5 13. Nc4 b5 14. Nb6 Rb8
15. Nxc8 Rxc8 16. Qf3 O-O 17. Bg5 Ne8 18. Bh4 f6 19. Bc4+ bxc4 20. Qxc3 Nd6 21.
Rfd1 c5 22. f3 Rcd8 23. Rd5 a5 24. Bf2 {Kengtin resigns} 1-0

[Event "ICS rated blitz match"]
[Site "204.178.125.65"]
[Date "1999.08.29"]
[Round "?"]
[White "Hossa"]
[Black "Kengtin"]
[Result "1-0"]
[WhiteElo "2486"]
[BlackElo "2131"]
[PlyCount "53"]
[EventDate "1999.??.??"]

1. c4 c5 2. Nc3 g6 3. e3 Bg7 4. d4 Nf6 5. Bd3 O-O 6. Nge2 d6 7. O-O Nc6 8. b3
d5 9. cxd5 Nxd5 10. Nxd5 Qxd5 11. Bb5 cxd4 12. Bxc6 bxc6 13. exd4 c5 14. Ba3
cxd4 15. Bxe7 Re8 16. Nf4 Qe4 17. Bd6 Qc6 18. Bb4 Bb7 19. Rc1 Qe4 20. Bd2 Qf5
21. Re1 g5 22. Rxe8+ Rxe8 23. Rc7 Ba6 24. Rxa7 Bb5 25. Nh5 Be2 26. Nxg7 Bxd1
27. Nxf5 {Kengtin resigns} 1-0

[Event "ICS rated blitz match"]
[Site "204.178.125.65"]
[Date "1999.10.15"]
[Round "?"]
[White "Hossa"]
[Black "Kengtin"]
[Result "1-0"]
[WhiteElo "2363"]
[BlackElo "2113"]
[PlyCount "33"]
[EventDate "1999.??.??"]

1. e4 e6 2. d4 c5 3. Nf3 a6 4. Bg5 Qb6 5. b3 cxd4 6. Qxd4 Qxd4 7. Nxd4 Nc6 8.
Nxc6 dxc6 9. Nd2 Bb4 10. Bd3 f6 11. Be3 e5 12. O-O Ne7 13. Rad1 Bxd2 14. Rxd2
Be6 15. Rfd1 O-O-O 16. Bb6 Rd7 17. Bc4 {Kengtin resigns} 1-0

[Event "ICS rated blitz match"]
[Site "204.178.125.65"]
[Date "1999.08.28"]
[Round "?"]
[White "Hossa"]
[Black "Kickarse"]
[Result "0-1"]
[WhiteElo "2478"]
[BlackElo "2237"]
[PlyCount "137"]
[EventDate "1999.??.??"]

1. d4 Nf6 2. c4 e6 3. Nf3 Bb4+ 4. Bd2 Qe7 5. a3 Bxd2+ 6. Nbxd2 d6 7. e4 e5 8.
Bd3 a5 9. O-O O-O 10. d5 a4 11. Bc2 Bd7 12. Re1 g6 13. Nb1 Qe8 14. Nc3 Ra5 15.
Qd2 Na6 16. Rac1 Nc5 17. Kh1 b6 18. Rcd1 Kg7 19. Rb1 Qe7 20. Rbc1 Nh5 21. Qg5
Qxg5 22. Nxg5 h6 23. Nf3 f5 24. exf5 gxf5 25. Re3 Kf6 26. Kg1 Rg8 27. Ne1 f4
28. Ne4+ Nxe4 29. Rxe4 Kf7 30. Rd1 Nf6 31. Re2 Bg4 32. f3 Bd7 33. Nd3 Rg7 34.
Kf2 Ra8 35. g3 fxg3+ 36. hxg3 Rag8 37. Rg1 Nh5 38. g4 Nf6 39. Rge1 h5 40. gxh5
Nxh5 41. Ke3 Ng3 42. Rh2 Nf5+ 43. Kd2 Nd4 44. Bd1 Rg2+ 45. Rxg2 Rxg2+ 46. Kc3
b5 47. c5 Bf5 48. cxd6 cxd6 49. Re3 Bxd3 50. Rxd3 Rf2 51. Rd2 Rf1 52. Rd3 Kf6
53. Kb4 Kf5 54. b3 axb3 55. Bxb3 Rb1 56. Rc3 Kf4 57. Rd3 Nxb3 58. Rxb3 Rxb3+
59. Kxb3 Kxf3 60. Kc3 e4 61. Kb4 e3 62. Kxb5 e2 63. Kb6 e1=Q 64. Kb5 Qc3 65. a4
Qc5+ 66. Ka6 Qxd5 67. Ka7 Qa5+ 68. Kb8 d5 69. Kc8 {Hossa resigns} 0-1

[Event "ICS rated blitz match"]
[Site "204.178.125.65"]
[Date "1999.09.22"]
[Round "?"]
[White "Hossa"]
[Black "KrazyKat"]
[Result "0-1"]
[WhiteElo "1847"]
[BlackElo "1775"]
[PlyCount "83"]
[EventDate "1999.??.??"]

1. c4 c5 2. Nf3 Nc6 3. d4 cxd4 4. Nxd4 g6 5. Nxc6 bxc6 6. e4 Bg7 7. Nc3 d6 8.
Be2 Nf6 9. O-O Rb8 10. Qa4 Qb6 11. Be3 Qc7 12. Nd5 Nxd5 13. cxd5 Rxb2 14. Bd3
O-O 15. Qxc6 Qa5 16. a4 Bb7 17. Qd7 Bf6 18. Bb5 Rd8 19. Qxb7 Rxb5 20. Qxb5 Qxb5
21. axb5 Bxa1 22. Rxa1 Rb8 23. Rxa7 Rxb5 24. Ra8+ Kg7 25. Bd4+ f6 26. f4 Rb4
27. Bc3 Rxe4 28. Ra7 h6 29. Rb7 g5 30. fxg5 hxg5 31. Rb6 Kf7 32. Kf2 Rc4 33.
Rb4 Rxc3 34. Re4 Rd3 35. Re1 Rxd5 36. Rxe7+ Kxe7 37. Kf3 Ke6 38. Ke3 f5 39. Ke2
Ke5 40. Ke1 Ra5 41. Kd1 Ra2 42. Ke1 {Hossa resigns} 0-1

[Event "ICS rated blitz match"]
[Site "204.178.125.65"]
[Date "1999.10.01"]
[Round "?"]
[White "Hossa"]
[Black "Lan"]
[Result "1-0"]
[WhiteElo "2422"]
[BlackElo "2032"]
[PlyCount "77"]
[EventDate "1999.??.??"]

1. c4 e5 2. Nc3 Nf6 3. g3 Nc6 4. Bg2 Bb4 5. e4 Bxc3 6. bxc3 O-O 7. Ne2 d6 8.
O-O Be6 9. d3 Nd7 10. Rb1 Rb8 11. f4 f5 12. fxe5 dxe5 13. Bh3 g6 14. Bh6 Rf7
15. Bg2 Nc5 16. exf5 gxf5 17. Bxc6 bxc6 18. Rxb8 Qxb8 19. Be3 Qf8 20. Qd2 f4
21. gxf4 Bh3 22. Rf3 Bg4 23. Rg3 Rg7 24. fxe5 Ne6 25. Bxa7 c5 26. Nc1 Qa8 27.
Qg2 Qxa7 28. Rxg4 Qa3 29. Nb3 Qa7 30. Rxg7+ Nxg7 31. Qd5+ Kf8 32. Qxc5+ Qxc5+
33. Nxc5 Ke7 34. d4 Nf5 35. Kf2 h5 36. a4 Ng7 37. a5 Kd8 38. a6 Kc8 39. a7 {
Lan resigns} 1-0

[Event "ICS rated blitz match"]
[Site "204.178.125.65"]
[Date "1999.10.02"]
[Round "?"]
[White "Hossa"]
[Black "Lan"]
[Result "1-0"]
[WhiteElo "2449"]
[BlackElo "2023"]
[PlyCount "89"]
[EventDate "1999.??.??"]

1. c4 Nc6 2. d4 d5 3. cxd5 Qxd5 4. e3 e5 5. Nc3 Bb4 6. Bd2 Bxc3 7. bxc3 e4 8.
Ne2 Nf6 9. Nf4 Qf5 10. Be2 h5 11. Rb1 g5 12. Rb5 Qh7 13. Rxg5 Bd7 14. Nxh5 Nxh5
15. Rxh5 Qg7 16. Rxh8+ Qxh8 17. O-O O-O-O 18. f3 Rg8 19. fxe4 Qh3 20. Bf3 f5
21. exf5 Bxf5 22. Bd5 Rg7 23. Kh1 Qg4 24. Qxg4 Bxg4 25. Bxc6 bxc6 26. e4 Be2
27. Rf8+ Kd7 28. e5 Bc4 29. a3 Bd5 30. Rf2 c5 31. dxc5 Ke6 32. Be3 Be4 33. Bd4
Rg6 34. Rf6+ Rxf6 35. exf6 c6 36. Kg1 Bd5 37. g4 a5 38. h4 Bf3 39. g5 Bh5 40.
Kg2 Kf5 41. Kg3 Bg6 42. Be3 a4 43. Bf4 Bh5 44. Bc7 Bd1 45. f7 {Lan resigns} 1-0

[Event "ICS rated blitz match"]
[Site "204.178.125.65"]
[Date "1999.08.29"]
[Round "?"]
[White "Hossa"]
[Black "Lancelot"]
[Result "1-0"]
[WhiteElo "2523"]
[BlackElo "2065"]
[PlyCount "55"]
[EventDate "1999.??.??"]

1. e4 e6 2. d4 d5 3. Nc3 Bb4 4. e5 c5 5. a3 Bxc3+ 6. bxc3 Qc7 7. Nf3 Ne7 8. Bd3
Bd7 9. O-O c4 10. Be2 Ba4 11. Be3 Nd7 12. Bg5 b5 13. Bxe7 Kxe7 14. Qd2 h6 15.
Nh4 Rhb8 16. f4 g6 17. f5 exf5 18. Bf3 a5 19. Bxd5 Ra6 20. Qxh6 Bxc2 21. Qg7
Rf8 22. e6 Nf6 23. Nxg6+ Kd6 24. Qxf6 Kxd5 25. Ne7+ Ke4 26. Qxf5+ Ke3 27. Nd5+
Kd2 28. Rf2# {Lancelot checkmated} 1-0

[Event "ICS rated blitz match"]
[Site "204.178.125.65"]
[Date "1999.08.28"]
[Round "?"]
[White "Hossa"]
[Black "Lancelot"]
[Result "1-0"]
[WhiteElo "2474"]
[BlackElo "2116"]
[PlyCount "37"]
[EventDate "1999.??.??"]

1. Nf3 e6 2. d4 d5 3. e3 Nf6 4. Bb5+ Bd7 5. Bd3 c5 6. O-O Nc6 7. c4 dxc4 8.
Bxc4 cxd4 9. exd4 Be7 10. Be3 O-O 11. Nc3 Nb4 12. Ne5 Nbd5 13. Rc1 Rc8 14. Qf3
Rxc4 15. Nxc4 b5 16. Ne5 b4 17. Nxd5 exd5 18. Rfe1 Bg4 19. Nxg4 {
Lancelot resigns} 1-0

[Event "ICS rated blitz match"]
[Site "204.178.125.65"]
[Date "1999.10.09"]
[Round "?"]
[White "Hossa"]
[Black "Lancelot"]
[Result "1-0"]
[WhiteElo "2403"]
[BlackElo "2192"]
[PlyCount "75"]
[EventDate "1999.??.??"]

1. c4 e6 2. Nf3 Nf6 3. Nc3 d5 4. d4 c6 5. e3 Be7 6. Bd3 Nbd7 7. O-O O-O 8. e4
dxe4 9. Nxe4 Nxe4 10. Bxe4 Nf6 11. Bd3 c5 12. dxc5 Bxc5 13. Bg5 Be7 14. Qc2 h6
15. Bxf6 Bxf6 16. Rad1 Bd7 17. Bh7+ Kh8 18. Be4 Qc7 19. Rd2 Rad8 20. Rfd1 Bc8
21. Bd3 b6 22. b4 Bb7 23. Be4 Rxd2 24. Nxd2 Rd8 25. Bxb7 Qxb7 26. Nf3 Qe7 27.
Rxd8+ Qxd8 28. c5 bxc5 29. bxc5 Qc7 30. c6 Kg8 31. a4 a5 32. Kf1 Kf8 33. Qc5+
Be7 34. Qc4 Bb4 35. Ke2 Ke7 36. g4 f6 37. Kf1 e5 38. Nh4 {Lancelot resigns} 1-0

[Event "ICS rated blitz match"]
[Site "204.178.125.65"]
[Date "1999.08.29"]
[Round "?"]
[White "Hossa"]
[Black "Lancelot"]
[Result "1-0"]
[WhiteElo "2527"]
[BlackElo "2061"]
[PlyCount "55"]
[EventDate "1999.??.??"]

1. e4 e6 2. d4 d5 3. Nc3 Bb4 4. e5 c5 5. a3 Bxc3+ 6. bxc3 Ne7 7. Bd3 Bd7 8. Bg5
c4 9. Be2 h6 10. Bxe7 Kxe7 11. Bh5 Ba4 12. Rb1 b5 13. Nh3 Qg8 14. O-O Qh7 15.
Qf3 Rf8 16. Rfc1 Nc6 17. Qf4 Rab8 18. Rb2 a5 19. Qg3 Rb7 20. Qf4 Rbb8 21. Qf3
Rb7 22. Nf4 Rfb8 23. Nxd5+ exd5 24. Qxf7+ Kd8 25. Qxd5+ Kc7 26. Qd6+ Kb6 27.
Bf3 b4 28. axb4 {Lancelot resigns} 1-0

[Event "ICS rated blitz match"]
[Site "204.178.125.65"]
[Date "1999.09.12"]
[Round "?"]
[White "Hossa"]
[Black "Leonido"]
[Result "1-0"]
[WhiteElo "2484"]
[BlackElo "2073"]
[PlyCount "31"]
[EventDate "1999.??.??"]

1. e4 e6 2. d4 d6 3. Bd3 Nd7 4. Ne2 Ngf6 5. Bg5 Be7 6. O-O O-O 7. c3 e5 8. f4
Re8 9. fxe5 dxe5 10. Bc4 h6 11. Bh4 c6 12. Nd2 Qb6 13. Bb3 c5 14. Nc4 Qc7 15.
dxe5 Nxe4 16. Qd5 {Leonido resigns} 1-0

[Event "ICS rated blitz match"]
[Site "204.178.125.65"]
[Date "1999.09.12"]
[Round "?"]
[White "Hossa"]
[Black "Leonido"]
[Result "1-0"]
[WhiteElo "2478"]
[BlackElo "2079"]
[PlyCount "61"]
[EventDate "1999.??.??"]

1. e4 e6 2. d4 d5 3. e5 c5 4. c3 Nc6 5. Nf3 Qb6 6. Be2 cxd4 7. cxd4 Nh6 8. Bd3
Bd7 9. Bc2 Nb4 10. Bxh6 Nxc2+ 11. Qxc2 gxh6 12. O-O Bg7 13. a4 O-O 14. b3 Rac8
15. Qb2 a5 16. Re1 Rc7 17. Nc3 Rfc8 18. Re3 Qb4 19. Na2 Qe7 20. Qd2 b6 21. Qd1
Rc2 22. Re2 R2c7 23. Rc1 h5 24. Rxc7 Rxc7 25. Re3 Bh6 26. Rc3 Bc8 27. Rxc7 Qxc7
28. Ne1 Ba6 29. Qxh5 Bg7 30. f4 Qc2 31. Nxc2 {Leonido resigns} 1-0

[Event "ICS rated blitz match"]
[Site "204.178.125.65"]
[Date "1999.09.11"]
[Round "?"]
[White "Hossa"]
[Black "Lonnie"]
[Result "0-1"]
[WhiteElo "2471"]
[BlackElo "2817"]
[PlyCount "80"]
[EventDate "1999.??.??"]

1. e4 c5 2. Nf3 d6 3. d4 cxd4 4. Nxd4 Nf6 5. Nc3 Nc6 6. Bc4 e6 7. O-O Be7 8.
Bg5 O-O 9. Bb5 Bd7 10. Nf3 a6 11. Be2 Bc8 12. Rb1 b5 13. a3 Bb7 14. Qd3 h6 15.
Bc1 b4 16. axb4 Nxb4 17. Qd4 Qa5 18. Bd1 d5 19. e5 Ne4 20. Nxe4 dxe4 21. Qd7
Rab8 22. Qxe7 exf3 23. gxf3 Qa2 24. Qxb4 Qxb1 25. Qf4 Rfd8 26. c3 Rd7 27. Re1
Rbd8 28. Be2 Qc2 29. Kh1 Rd5 30. c4 Rd4 31. Qe3 Rd3 32. Bxd3 Rxd3 33. Kg1 Rxe3
34. Bxe3 Bxf3 35. Rc1 Qe4 36. b4 Bg4 37. h3 Bxh3 38. f3 Qxf3 39. Rc2 Qg3+ 40.
Rg2 40... Qxg2# {Hossa checkmated} 0-1

[Event "ICS rated blitz match"]
[Site "204.178.125.65"]
[Date "1999.10.17"]
[Round "?"]
[White "Hossa"]
[Black "Loxnessi"]
[Result "1/2-1/2"]
[WhiteElo "2521"]
[BlackElo "2443"]
[PlyCount "157"]
[EventDate "1999.??.??"]

1. d4 d6 2. e4 g6 3. Nf3 Bg7 4. Bb5+ c6 5. Be2 Nf6 6. Nc3 O-O 7. Bg5 h6 8. Be3
Kh7 9. h3 b5 10. e5 Ng8 11. O-O a5 12. exd6 exd6 13. Re1 Bf5 14. d5 b4 15. Na4
c5 16. Bd3 Bd7 17. c4 Bxa4 18. Qxa4 Bxb2 19. Rab1 Bc3 20. Re2 Qd7 21. Qxd7 Nxd7
22. Bf4 Ne5 23. Nxe5 dxe5 24. Bxe5 Bxe5 25. Rxe5 Rfe8 26. Rbe1 Nf6 27. f4 Kg7
28. g4 Kf8 29. Bc2 Nd7 30. Rxe8+ Rxe8 31. Rxe8+ Kxe8 32. Ba4 Ke7 33. Bb5 Nf6
34. f5 Ne4 35. fxg6 fxg6 36. Ba4 Nc3 37. Bb3 g5 38. Kf2 a4 39. Bc2 b3 40. Bxb3
axb3 41. axb3 Kd6 42. Ke3 Na2 43. Kd2 Nb4 44. Ke2 Nc2 45. Kd3 Nd4 46. b4 Nf3
47. b5 Ne5+ 48. Kc3 Nd7 49. Kd3 Nb6 50. Kc3 Ke5 51. Kd3 Kd6 52. Kc3 Kd7 53. Kd3
Ke7 54. d6+ Kxd6 55. Kc3 Ke5 56. Kd3 Kf6 57. Kc3 Kg6 58. Kd3 h5 59. Ke4 hxg4
60. hxg4 Nxc4 61. Kd5 Nb6+ 62. Kc6 Na4 63. Kd5 Kf6 64. Kc4 Ke7 65. Kd5 Kd7 66.
Ke5 Kc7 67. Ke6 Kb6 68. Ke5 Kxb5 69. Kf5 c4 70. Ke4 c3 71. Kd3 c2 72. Kxc2 Kc5
73. Kd3 Kd5 74. Ke3 Ke5 75. Kf3 Nc5 76. Ke2 Ke4 77. Kf2 Kf4 78. Ke2 Kxg4 79.
Ke3 {Loxnessi ran out of time and Hossa has no material to mate} 1/2-1/2

[Event "ICS rated blitz match"]
[Site "204.178.125.65"]
[Date "1999.09.08"]
[Round "?"]
[White "Hossa"]
[Black "LrGenius"]
[Result "1-0"]
[WhiteElo "2525"]
[BlackElo "2222"]
[PlyCount "49"]
[EventDate "1999.??.??"]

1. d4 d5 2. c3 Nf6 3. e3 g6 4. Bb5+ c6 5. Be2 Bg7 6. Nf3 O-O 7. O-O Bg4 8. Re1
Nbd7 9. Nbd2 Re8 10. Ng5 Bxe2 11. Rxe2 e5 12. Re1 Qc7 13. b3 h6 14. Nh3 exd4
15. cxd4 Ne4 16. Nxe4 Rxe4 17. f3 Ree8 18. Nf4 Bf8 19. e4 dxe4 20. fxe4 Rad8
21. Qf3 Bg7 22. Bb2 Nb6 23. Qf2 c5 24. Rac1 Bf8 25. dxc5 {LrGenius resigns} 1-0

[Event "ICS rated blitz match"]
[Site "204.178.125.65"]
[Date "1999.09.28"]
[Round "?"]
[White "Hossa"]
[Black "LrGenius"]
[Result "1-0"]
[WhiteElo "2455"]
[BlackElo "2164"]
[PlyCount "62"]
[EventDate "1999.??.??"]

1. d4 d5 2. c4 c6 3. Nc3 Nf6 4. Nf3 dxc4 5. e3 b5 6. a4 b4 7. Na2 e6 8. Bxc4
Be7 9. O-O O-O 10. Ne5 Bb7 11. Bd2 a5 12. Qf3 Qb6 13. Ng4 c5 14. dxc5 Qc7 15.
Qh3 Nxg4 16. Qxg4 Qxc5 17. Rac1 Qe5 18. Qd4 Qg5 19. e4 Qh4 20. f3 Bf6 21. Qb6
Ba6 22. Be1 Qh6 23. Bxa6 Rxa6 24. Qf2 Rd6 25. Qg3 Rd3 26. Rb1 Nc6 27. Kh1 Nd4
28. Qc7 Ne2 29. Qxa5 Be7 30. Nxb4 Rd7 31. Qb5 31... Rdd8 {LrGenius resigns} 1-0

[Event "ICS rated blitz match"]
[Site "204.178.125.65"]
[Date "1999.09.08"]
[Round "?"]
[White "Hossa"]
[Black "LrGenius"]
[Result "1-0"]
[WhiteElo "2535"]
[BlackElo "2212"]
[PlyCount "55"]
[EventDate "1999.??.??"]

1. d4 d5 2. c3 c6 3. Bg5 Nf6 4. Bxf6 exf6 5. e3 Bd6 6. Bd3 O-O 7. Nd2 Re8 8. a3
Nd7 9. Ngf3 Nf8 10. c4 c5 11. cxd5 cxd4 12. Nxd4 Be5 13. O-O Bxd4 14. exd4 Qxd5
15. Qa4 Bd7 16. Qc4 Qh5 17. Rfe1 Bc6 18. Be2 Qg5 19. Nf3 Qg4 20. d5 Re4 21. Qb3
Bd7 22. Qxb7 Rae8 23. Bd3 Rxe1+ 24. Rxe1 Rxe1+ 25. Nxe1 Qd1 26. Kf1 h5 27. Qxa7
h4 28. h3 {LrGenius resigns} 1-0

[Event "ICS rated blitz match"]
[Site "204.178.125.65"]
[Date "1999.09.08"]
[Round "?"]
[White "Hossa"]
[Black "LrGenius"]
[Result "1-0"]
[WhiteElo "2528"]
[BlackElo "2288"]
[PlyCount "61"]
[EventDate "1999.??.??"]

1. e4 e6 2. d4 d5 3. e5 c5 4. c3 Nc6 5. Nf3 Qb6 6. Be2 Nh6 7. b4 cxb4 8. Bxh6
gxh6 9. O-O Bg7 10. Re1 O-O 11. c4 dxc4 12. Bxc4 Rd8 13. Re4 Bd7 14. Nbd2 Be8
15. Bd3 Nxd4 16. Nxd4 Rxd4 17. Nc4 Rxc4 18. Bxc4 Rd8 19. Qe2 Bc6 20. Rg4 Kh8
21. Rf4 Qc7 22. Re1 Bd5 23. Rd4 Bxc4 24. Rxd8+ Qxd8 25. Qxc4 Bf8 26. Qe2 Qc7
27. g3 a5 28. Rd1 a4 29. Qb2 Bg7 30. Qxb4 Bxe5 31. Qf8# {LrGenius checkmated}
1-0

[Event "ICS rated blitz match"]
[Site "204.178.125.65"]
[Date "1999.09.25"]
[Round "?"]
[White "Hossa"]
[Black "MMX"]
[Result "1-0"]
[WhiteElo "2490"]
[BlackElo "2200"]
[PlyCount "30"]
[EventDate "1999.??.??"]

1. d4 e6 2. Nf3 c5 3. Bg5 Be7 4. Bxe7 Qxe7 5. e4 cxd4 6. Qxd4 Nc6 7. Qxg7 Qf6
8. Qxf6 Nxf6 9. Bd3 Nb4 10. Nc3 b6 11. e5 Nxd3+ 12. cxd3 Ng8 13. Nb5 Kd8 14.
Nd6 f6 15. Nf7+ 15... Kc7 {MMX resigns} 1-0

[Event "ICS rated blitz match"]
[Site "204.178.125.65"]
[Date "1999.10.03"]
[Round "?"]
[White "Hossa"]
[Black "Maect"]
[Result "1-0"]
[WhiteElo "2339"]
[BlackElo "2116"]
[PlyCount "75"]
[EventDate "1999.??.??"]

1. e4 e5 2. Nf3 Nc6 3. Bb5 a6 4. Ba4 Nf6 5. O-O Be7 6. Re1 b5 7. Bb3 O-O 8. c3
d5 9. exd5 Nxd5 10. Nxe5 Nxe5 11. Rxe5 Nf6 12. d4 Bd6 13. Re2 Nh5 14. a4 bxa4
15. Bxa4 Qh4 16. g3 Qh3 17. Bc6 Bg4 18. f3 Nxg3 19. Bxa8 Nxe2+ 20. Qxe2 Rxa8
21. fxg4 Kf8 22. Qg2 Qd3 23. Qxa8+ Ke7 24. Bg5+ f6 25. Bd2 Qe2 26. Qg2 Qd1+ 27.
Kf2 Qc2 28. b4 Bf4 29. Ke1 Bd6 30. Qe2+ Kf7 31. h3 Qb2 32. Qxa6 Bg3+ 33. Ke2
Bf4 34. Qc4+ Kf8 35. Ra8+ Ke7 36. Qc6 Qxb1 37. Qe8+ Kd6 38. Rd8# {
Maect checkmated} 1-0

[Event "ICS rated blitz match"]
[Site "204.178.125.65"]
[Date "1999.10.03"]
[Round "?"]
[White "Hossa"]
[Black "Maect"]
[Result "1-0"]
[WhiteElo "2353"]
[BlackElo "2102"]
[PlyCount "97"]
[EventDate "1999.??.??"]

1. e4 e5 2. Nf3 Nc6 3. Bb5 a6 4. Ba4 Nf6 5. O-O Be7 6. Re1 b5 7. Bb3 O-O 8. c3
d5 9. exd5 Nxd5 10. Nxe5 Nxe5 11. Rxe5 Nf6 12. d4 Bd6 13. Re2 Nh5 14. a4 Bg4
15. f3 Qh4 16. h3 Bxf3 17. gxf3 Qxh3 18. axb5 Ng3 19. Rh2 Qf5 20. Bc2 Ne4 21.
Rh4 Qg6+ 22. Rg4 Qh5 23. Bxe4 Qh2+ 24. Kf1 Rae8 25. Qc2 Qh1+ 26. Rg1 Qh5 27.
Bxh7+ Qxh7 28. Qxh7+ Kxh7 29. bxa6 g6 30. Rh1+ Kg8 31. Bh6 Ra8 32. Bxf8 Bxf8
33. Kf2 Kg7 34. b4 Be7 35. b5 Kf6 36. Re1 Bd6 37. Re4 Kf5 38. c4 Kf6 39. Nc3
Kg5 40. Ke3 f5 41. Re6 f4+ 42. Ke4 Kh6 43. c5 Kg7 44. cxd6 Kf7 45. Re7+ Kf6 46.
Nd5+ Kg5 47. Rg1+ Kh6 48. Rh1+ Kg5 49. Re5# {Maect checkmated} 1-0

[Event "ICS rated blitz match"]
[Site "204.178.125.65"]
[Date "1999.09.18"]
[Round "?"]
[White "Hossa"]
[Black "Malalama"]
[Result "1-0"]
[WhiteElo "2465"]
[BlackElo "2337"]
[PlyCount "137"]
[EventDate "1999.??.??"]

1. e4 e5 2. Nf3 Nc6 3. Bc4 Nf6 4. Nc3 Nxe4 5. Nxe4 d5 6. Bb5 dxe4 7. Nxe5 Qg5
8. Nxc6 Qxb5 9. Nd4 Qg5 10. g3 Be7 11. Ne2 O-O 12. d4 Qd5 13. Nc3 Qc4 14. Nxe4
Bf5 15. Qd3 Qd5 16. f3 Rfd8 17. Be3 Re8 18. a3 Bd6 19. O-O-O Bxe4 20. fxe4 Rxe4
21. Rde1 Rae8 22. Bf2 f5 23. c4 Qc6 24. Qb3 Re2 25. Rxe2 Qxh1+ 26. Qd1 Qxd1+
27. Kxd1 Rxe2 28. Kxe2 Kf7 29. b4 a6 30. c5 Be7 31. d5 h5 32. Bd4 Bf6 33. Ke3
Bg5+ 34. Kd3 Bc1 35. a4 f4 36. Be5 f3 37. Bxc7 f2 38. Ke2 Be3 39. d6 Ke6 40.
Bb6 a5 41. bxa5 h4 42. c6 hxg3 43. hxg3 bxc6 44. Bxe3 Kxd6 45. Bxf2 Kc7 46. a6
Kb8 47. a5 Ka8 48. Bd4 g6 49. Ke3 g5 50. Bb6 g4 51. Kf4 c5 52. Bxc5 Kb8 53. a7+
Kb7 54. a6+ Ka8 55. Bd6 Kxa7 56. Bc7 Kxa6 57. Kxg4 Kb5 58. Kf5 Kc5 59. Be5 Kc6
60. g4 Kd7 61. g5 Ke7 62. g6 Kf8 63. Ke6 Kg8 64. g7 Kh7 65. Kf7 Kh6 66. Bf4+
Kh5 67. g8=Q Kh4 68. Qg7 Kh3 69. Qg3# {Malalama checkmated} 1-0

[Event "ICS rated blitz match"]
[Site "204.178.125.65"]
[Date "1999.09.28"]
[Round "?"]
[White "Hossa"]
[Black "Malalama"]
[Result "1-0"]
[WhiteElo "2465"]
[BlackElo "2339"]
[PlyCount "75"]
[EventDate "1999.??.??"]

1. d4 d5 2. c4 e6 3. Nc3 Nf6 4. Bg5 c6 5. e4 dxe4 6. Nge2 Nbd7 7. Nxe4 Bb4+ 8.
N2c3 O-O 9. Be2 Qa5 10. Bxf6 Nxf6 11. Nxf6+ gxf6 12. Qd3 Qg5 13. O-O Qf4 14.
Ne4 Rd8 15. Qe3 Qf5 16. Bg4 Qg6 17. Rad1 f5 18. Bh5 Qg7 19. Ng5 Rf8 20. Qf4 Qh6
21. Qh4 Qg7 22. Nf3 Bd6 23. Rfe1 Bb4 24. Re3 Bd6 25. Ne5 Bxe5 26. Rxe5 b6 27.
Re3 Kh8 28. Bf3 Bb7 29. Bxc6 f4 30. Qxf4 Bxc6 31. Rg3 Rg8 32. Rxg7 Kxg7 33. Rd3
Rgd8 34. Rh3 Kg8 35. Qg5+ Kh8 36. Rg3 Rg8 37. Qf6+ Rg7 38. Qxg7# {
Malalama checkmated} 1-0

[Event "ICS rated blitz match"]
[Site "204.178.125.65"]
[Date "1999.09.26"]
[Round "?"]
[White "Hossa"]
[Black "Malalama"]
[Result "1-0"]
[WhiteElo "2505"]
[BlackElo "2368"]
[PlyCount "157"]
[EventDate "1999.??.??"]

1. e4 c5 2. Nf3 e6 3. d4 cxd4 4. Nxd4 Nf6 5. Nc3 d6 6. Bg5 Be7 7. Bb5+ Nbd7 8.
O-O O-O 9. Be3 Ne5 10. Re1 Bd7 11. Qe2 Nfg4 12. Bxd7 Qxd7 13. Bf4 Bh4 14. Rf1
Rac8 15. Ndb5 a6 16. Nxd6 Rc6 17. Rad1 Rxd6 18. Rxd6 Qxd6 19. Qxg4 Nxg4 20.
Bxd6 Rd8 21. e5 f6 22. f4 Ne3 23. Rc1 fxe5 24. fxe5 Kf7 25. Bc5 Nf5 26. Ne4 Rd5
27. Rf1 Kg6 28. Bd6 Ne3 29. Rc1 Kf5 30. Nc5 Rd2 31. g3 Bg5 32. Nb3 Rd5 33. c4
Rd3 34. h4 Bh6 35. Nc5 Rd2 36. b3 b6 37. Nxa6 Rxa2 38. Nc7 Rg2+ 39. Kh1 Rxg3
40. Na8 Rh3+ 41. Kg1 b5 42. cxb5 Rxh4 43. b6 Rg4+ 44. Kh1 Rh4+ 45. Kg1 Nd5 46.
Rf1+ Kg5 47. b7 Rg4+ 48. Kf2 Rf4+ 49. Ke2 Re4+ 50. Kd1 Ne3+ 51. Kc1 Nxf1 52.
b8=Q Kf5+ 53. Kb2 Re2+ 54. Ka3 Bc1+ 55. Kb4 Bd2+ 56. Kb5 Bf4 57. Qf8+ Ke4 58.
Qxg7 Kf3 59. Qxh7 Ng3 60. Nc7 Bxe5 61. Qf7+ Kg2 62. Qxe6 Bxd6 63. Qxd6 Ne4 64.
Qf4 Nc3+ 65. Kb6 Re6+ 66. Nxe6 Nd5+ 67. Kc5 Nxf4 68. Nxf4+ Kf3 69. Nd5 Ke4 70.
b4 Kd3 71. b5 Kd2 72. b6 Kc2 73. Kd4 Kb2 74. b7 Ka2 75. Nc3+ Ka3 76. Nb1+ Ka2
77. b8=Q Ka1 78. Kc3 Ka2 79. Qb2# {Malalama checkmated} 1-0

[Event "ICS rated blitz match"]
[Site "204.178.125.65"]
[Date "1999.09.18"]
[Round "?"]
[White "Hossa"]
[Black "Malalama"]
[Result "1-0"]
[WhiteElo "2456"]
[BlackElo "2405"]
[PlyCount "104"]
[EventDate "1999.??.??"]

1. e4 c5 2. Nf3 e6 3. d4 cxd4 4. Nxd4 Nf6 5. Nc3 d6 6. g3 Nc6 7. Bg2 Bd7 8.
Nxc6 Bxc6 9. O-O Be7 10. Re1 O-O 11. Re3 Nd7 12. f3 Bg5 13. f4 Be7 14. Re2 Qb6+
15. Kh1 Qc5 16. Be3 Qb4 17. Qd4 a5 18. a3 Qxd4 19. Bxd4 b5 20. Rd1 e5 21. Nd5
Bd8 22. Bc3 Re8 23. f5 Rc8 24. Bh3 Rf8 25. f6 Re8 26. Ne7+ Bxe7 27. fxe7 a4 28.
Rxd6 f5 29. Bxf5 Rxe7 30. Red2 Rc7 31. Rxc6 Rxc6 32. Bxd7 Rc5 33. Bb4 Rxd7 34.
Rxd7 Rc4 35. Re7 Rxe4 36. Bc3 g5 37. Rxe5 Rxe5 38. Bxe5 Kf7 39. b3 Ke6 40. Bc3
Kf5 41. bxa4 bxa4 42. Bb4 h5 43. c4 Ke5 44. Kg2 Kd4 45. g4 hxg4 46. c5 Kd5 47.
Kg3 Kc6 48. Kxg4 Kd7 49. Kxg5 Kc8 50. h4 Kd7 51. h5 Kc6 52. h6 52... Kd5 {
Malalama resigns} 1-0

[Event "ICS rated blitz match"]
[Site "204.178.125.65"]
[Date "1999.09.18"]
[Round "?"]
[White "Hossa"]
[Black "Malalama"]
[Result "1-0"]
[WhiteElo "2469"]
[BlackElo "2333"]
[PlyCount "49"]
[EventDate "1999.??.??"]

1. e4 c5 2. Nf3 e6 3. d4 cxd4 4. Nxd4 a6 5. Be2 Nf6 6. e5 Qa5+ 7. Nc3 Qxe5 8.
O-O Bc5 9. Nf3 Qc7 10. Na4 Ba7 11. Bg5 O-O 12. Bxf6 gxf6 13. c4 Nc6 14. Qd2 Rd8
15. Qh6 Nd4 16. Nxd4 Bxd4 17. Rad1 Be5 18. f4 Bxb2 19. Rf3 f5 20. Nxb2 Kh8 21.
Rh3 Qb6+ 22. Kf1 Qg1+ 23. Kxg1 Kg8 24. Rg3+ Kh8 25. Qf6# {Malalama checkmated}
1-0